Una giornata moderna : moda e stili nell'Italia fascista /
I tiakina i:
| Ētahi atu kaituhi: | , |
|---|---|
| Hōputu: | Pukapuka |
| Reo: | Itāriana |
| I whakaputaina: |
Bologna :
Damiani,
2009
|
| Ngā marau: | |
| Ngā Tūtohu: |
Kāore He Tūtohu, Me noho koe te mea tuatahi ki te tūtohu i tēnei pūkete!
|
MARC
| LEADER | 00000nam a2200000 i 4500 | ||
|---|---|---|---|
| 001 | IT\ICCU\UBO\3706555 | ||
| 003 | ItRI | ||
| 005 | 20260115232123.0 | ||
| 008 | 091117s2009 it |||||| ||||| |||||c | ||
| 015 | |2 IT |a 2010-1474 | ||
| 020 | |a 9788862080613 | ||
| 040 | |b ita |c importazione bologna sebina | ||
| 041 | 7 | |a ita |2 ISO-639-2 | |
| 082 | |a 391.00945 |9 Abbigliamento e aspetto personale. Italia |2 22 | ||
| 245 | 0 | 4 | |a Una giornata moderna : |b moda e stili nell'Italia fascista / |c a cura di Mario Lupano, Alessandra Vaccari. |
| 260 | |a Bologna : |b Damiani, |c 2009 | ||
| 300 | |a 398 p. : |b ill. ; |c 31 cm | ||
| 650 | 7 | |a Moda |x Italia |x 1922-1943 | |
| 700 | 1 | |a Lupano, Mario |0 IT\ICCU\CFIV\095131 | |
| 700 | 1 | |a Vaccari, Alessandra, |d (1965- ) |0 IT\ICCU\CFIV\252504 | |
| 942 | |2 ddc |c BK |n 0 | ||
| 952 | |0 0 |1 0 |4 0 |6 DOC_391_009000000000000_LUP |7 0 |9 20411 |a BO |b BO |d 2026-01-15 |i 13882 |l 0 |o DOC 391.009 LUP |p BO13882 |r 2026-01-15 23:21:23 |w 2026-01-15 |x [Sebina 6] [1 v.] |y BK |z 1 v. | ||
| 999 | |c 17418 |d 17418 | ||